<Le> plan d'actions commerciales
Saved in:
| Main Author: | |
|---|---|
| Format: | Book |
| Language: | French |
| Published: |
Paris
Éditions d'Organisation
2005
|
| Series: | Commercial
|
| Subjects: | |
| Tags: |
No Tags, Be the first to tag this record!
|
MARC
| LEADER | 00000nam a2200000 4500 | ||
|---|---|---|---|
| 001 | 0125123 | ||
| 005 | 20231215114918.6 | ||
| 020 | |a 2-7081-3223-7 | ||
| 041 | 0 | |a fre | |
| 044 | |a FR | ||
| 245 | 1 | 0 | |a <Le> plan d'actions commerciales |c Bruno Camus |
| 264 | 1 | |a Paris |b Éditions d'Organisation |c 2005 | |
| 300 | |a 146 s. | ||
| 490 | 1 | |a Commercial | |
| 830 | 0 | |a Commercial | |
| 610 | 2 | 0 | |a obchod |
| 610 | 2 | 0 | |a trh |
| 610 | 2 | 0 | |a technika obchodná |
| 610 | 2 | 0 | |a zákazníci |
| 610 | 2 | 0 | |a spotrebitelia |
| 100 | 1 | |a Camus, Bruno | |